000 00669nam a2200217Ii 4500
003 JO-AjNU
008 230606s9999||||xx |||||||||||||| ||und||
020 _a978-1-84920-300/978-1-84920-301-2
040 _aJO-AjNU
_beng
_erda
_cJO-AjNU
041 _aeng
050 1 4 _aH62 .K84.2011
100 3 _aKumar, Ranjit. author,
_eauthor
_91643
245 0 0 _aResearch methodology : a step-by-step guide for beginners 
250 _a 3rd ed
264 3 1 _aLondon :SAGE.2011
300 _a415p
336 _atext
_btxt
_2rdacontent
337 _aunmediated
_bn
_2rdamedia
338 _avolume
_bnc
_2rdacarrier
650 4 _aSocial sciences -- Research -- Methodology. 
_91644
999 _aE862
_c862
_d862